| 000 | 01017cab a22001935a 4500 | ||
|---|---|---|---|
| 001 | L147522 | ||
| 008 | 090519e2009 xxk f 000 0 eng d | ||
| 035 | _a(Sirsi) u147522 | ||
| 041 | 0 | _aeng | |
| 100 | 1 | _aMcClary, Samantha | |
| 245 | 0 | 0 | _aRescue means |
| 260 | _c2009 | ||
| 490 |
_aEstates Gazette _v(0918) 9 May 2009, 42-45(3) |
||
| 520 | _aDiscusses the impact of retailer JJB Sport success in persuading creditors to vote in favour of its company voluntary arrangement (CVA). The acceptance of the CVA by 98% of JJB Sport?s creditors is seen an important test case for retailers and landlords of commercial property. Provides an explanation of what a CVA is and how it can be used. Identifies retailers who failed to persuade their creditors to accept CVAs including Powerhouse in 2007 and Stylo, the company behind the Barratt and Priceless brands. | ||
| 590 | _aKA | ||
| 651 | 4 |
_aUnited Kingdom _y |
|
| 690 | _aPROPERTY-COMMERCIAL PROPERTY-COMMERCIAL LANDLORD AND TENANT-BUSINESS TENANCIES | ||
| 942 | _n0 | ||
| 999 |
_c81557 _d81557 |
||